000 00851nam a22002297a 4500
999 _c20427
_d20427
003 AR-CdUCM
008 190530b ||||| |||| 00| 0 spa d
040 _aMUNICIPALIDAD PROVINCIAL DEL CUSCO
_cBIBLIOTECA MUNICIPAL DEL CUSCO
082 _a627 /
_bUD17
100 _aUdall, Stewart L.
_942707
245 _aDiseño de presas pequeñas :
_bUna publicación técnica de recursos hidráulicos /
260 _aMéxico :
_bContinental,
_c1972.
300 _a639 páginas ;
_bGráficos
_c30 cm.
505 _aContenido : Planeación de proyectos -- Objeto de obra -- Estudios de los proyectos -- Estudio de avenidas...
650 _aClasificación de suelos
_942708
650 _aObras
_96865
650 _aRegistro de exploración
_942709
650 _aMuestreos
_942710
700 _aLepe, Jose Luis
_942711
942 _2ddc
_cFOLLETOS
945 _arcc